000
00265nam a2200109Ia 4500
008
190914s9999||||xx |||||||||||||| ||und||
100
_a
Moulana Muhammad Hanif
245
0
_a
Misali Ustad
260
_a
Karachi
_b
Bait-ul-alam Trust
_c
2004
300
_a
675
942
_c
BK
999
_c
9433
_d
9433